[Event "RUS-ch Seniors"]
[Site "Odintsovo"]
[Date "2011.04.24"]
[Round "6"]
[White "Sambursky, Vladimir"]
[Black "Zamruk, Aleksandar"]
[Result "1/2-1/2"]
[WhiteElo "2229"]
[BlackElo "2380"]
[PlyCount "56"]
[EventDate "2011.04.19"]
[EventType "swiss"]
[EventRounds "9"]
[EventCountry "RUS"]
[SourceTitle "CBM 142 Extra"]
[Source "ChessBase"]
[SourceDate "2011.06.27"]
[SourceVersion "1"]
[SourceVersionDate "2011.06.27"]
[SourceQuality "1"]

1. e4 e5 2. Nf3 Nc6 3. d4 exd4 4. Nxd4 Bc5 5. Be3 Qf6 6. c3 Nge7 7. Nc2 Bxe3 8. Nxe3 Qe5 9. Qf3 f5 10. Nd2 d6 11. Bc4 Bd7 12. 0-0-0 fxe4 13. Qxe4 Qxe4 14. Nxe4 Ne5 15. Bb3 Rf8 16. f3 h6 17. Rhf1 Bb5 18. c4 Bc6 19. Bc2 0-0-0 20. Nc3 g5 21. b3 Rde8 22. Rfe1 b6 23. Ne2 N7g6 24. Nd4 Bd7 25. Be4 Nf4 26. Kc2 Ne6 27. Nxe6 Bxe6 28. Kc3 g4 1/2-1/2

[Event "Minsk op"]
[Site "Minsk"]
[Date "2010.08.11"]
[Round "8"]
[White "Stetsko, Lanita"]
[Black "Zamruk, Aleksandar"]
[Result "0-1"]
[WhiteElo "2132"]
[BlackElo "2394"]
[PlyCount "63"]
[EventDate "2010.08.04"]
[EventType "swiss"]
[EventRounds "9"]
[EventCountry "BLR"]
[SourceTitle "CBM 137 Extra"]
[Source "ChessBase"]
[SourceDate "2010.09.01"]
[SourceVersion "1"]
[SourceVersionDate "2010.09.01"]
[SourceQuality "1"]

1. c4 e6 2. g3 d5 3. Bg2 c5 4. cxd5 exd5 5. d4 Nf6 6. Nc3 cxd4 7. Qxd4 Nc6 8. Qa4 d4 9. Ne4 Bd7 10. Nxf6+ Qxf6 11. Nf3 Bb4+ 12. Bd2 Bxd2+ 13. Nxd2 0-0 14. 0-0 Rfe8 15. Rfe1 Rad8 16. Qb5 b6 17. Ne4 Qe7 18. a3 h6 19. Qb3 Na5 20. Qb4 Bc6 21. Qxe7 Rxe7 22. Nd2 Ba4 23. b4 Nb3 24. Nxb3 Bxb3 25. Bf3 Kf8 26. Rec1 d3 27. exd3 Rxd3 28. Rc8+ Re8 29. Rxe8+ Kxe8 30. Bc6+ Ke7 31. Kg2 Be6 32. a4 0-1

[Event "Minsk op"]
[Site "Minsk"]
[Date "2010.08.09"]
[Round "6"]
[White "Belyakov, Bogdan"]
[Black "Zamruk, Aleksandar"]
[Result "1-0"]
[WhiteElo "2225"]
[BlackElo "2394"]
[PlyCount "117"]
[EventDate "2010.08.04"]
[EventType "swiss"]
[EventRounds "9"]
[EventCountry "BLR"]
[SourceTitle "CBM 137 Extra"]
[Source "ChessBase"]
[SourceDate "2010.09.01"]
[SourceVersion "1"]
[SourceVersionDate "2010.09.01"]
[SourceQuality "1"]

1. e4 c6 2. d4 d5 3. Nc3 dxe4 4. Nxe4 Bf5 5. Ng3 Bg6 6. f4 e6 7. Nf3 Nd7 8. h4 h6 9. h5 Bh7 10. Bd3 Bxd3 11. Qxd3 Ngf6 12. Bd2 Qc7 13. 0-0-0 c5 14. Kb1 0-0-0 15. Qe2 Nd5 16. Ne4 Be7 17. g3 Rhe8 18. c4 N5f6 19. Nc3 cxd4 20. Nb5 Qb6 21. Qe1 Qa6 22. Bb4 Nd5 23. Bxe7 Nxe7 24. Nfxd4 Kb8 25. Qb4 Nf6 26. c5 Nc6 27. Nxc6+ Qxc6 28. Qa5 Rxd1+ 29. Rxd1 Qxc5 30. Rd8+ Rxd8 31. Qxd8+ Qc8 32. Qd6+ Ka8 33. Nc7+ Kb8 34. Na6+ Ka8 35. Nc7+ Kb8 36. Nxe6+ Ka8 37. Nc7+ Kb8 38. Na6+ Ka8 39. Nc7+ Kb8 40. Nd5+ Ka8 41. Nxf6 gxf6 42. Qxf6 a6 43. Qxf7 Qc6 44. a3 a5 45. f5 a4 46. Ka2 Ka7 47. Qe6 Qf3 48. f6 Qxg3 49. Qd5 Qf4 50. f7 Ka6 51. Kb1 Qf1+ 52. Kc2 Qe2+ 53. Kc3 Qe1+ 54. Kd3 Qb1+ 55. Ke3 Qe1+ 56. Kd4 Qf2+ 57. Ke5 b6 58. Qa8+ Kb5 59. Qe8+ 1-0

[Event "Minsk op"]
[Site "Minsk"]
[Date "2010.08.04"]
[Round "1"]
[White "Zamruk, Aleksandar"]
[Black "Revo, Tatiana"]
[Result "1/2-1/2"]
[WhiteElo "2394"]
[BlackElo "1968"]
[PlyCount "52"]
[EventDate "2010.08.04"]
[EventType "swiss"]
[EventRounds "9"]
[EventCountry "BLR"]
[SourceTitle "CBM 137 Extra"]
[Source "ChessBase"]
[SourceDate "2010.09.01"]
[SourceVersion "1"]
[SourceVersionDate "2010.09.01"]
[SourceQuality "1"]

1. Nf3 Nf6 2. g3 g6 3. b3 Bg7 4. Bb2 d6 5. d4 0-0 6. Bg2 c6 7. 0-0 Bf5 8. c4 Ne4 9. Nh4 d5 10. Nxf5 gxf5 11. Nd2 Nd7 12. e3 Nxd2 13. Qxd2 Nf6 14. Rac1 Qd7 15. Rc2 Rac8 16. Rfc1 e6 17. Ba3 Rfd8 18. cxd5 exd5 19. Qe2 Re8 20. Qf3 Qe6 21. Bh3 Ng4 22. Bf1 Nf6 23. Rd1 Ne4 24. h4 Nf6 25. Bc1 Kh8 26. Ba3 Bh6 1/2-1/2

[Event "Minsk Inautomarket op"]
[Site "Minsk"]
[Date "2007.07.12"]
[Round "3"]
[White "Zamruk, Aleksandar"]
[Black "Bezgodov, Alexei"]
[Result "1/2-1/2"]
[WhiteElo "2386"]
[BlackElo "2558"]
[PlyCount "29"]
[EventDate "2007.07.10"]
[EventType "swiss"]
[EventRounds "9"]
[EventCountry "BLR"]
[SourceTitle "EXT 2008"]
[Source "ChessBase"]
[SourceDate "2007.11.25"]
[SourceVersion "1"]
[SourceVersionDate "2007.11.25"]
[SourceQuality "1"]

1. e4 e5 2. Nf3 Nc6 3. Nc3 Nf6 4. g3 Bb4 5. Bg2 Bxc3 6. bxc3 Nxe4 7. Nxe5 Nxe5 8. Bxe4 d5 9. Bg2 0-0 10. d3 Re8 11. 0-0 c6 12. h3 f6 13. Be3 Bf5 14. a4 a5 15. Kh2 1/2-1/2

[Event "Minsk Inautomarket op"]
[Site "Minsk"]
[Date "2007.07.11"]
[Round "2"]
[White "Aleksandrov, Aleksej"]
[Black "Zamruk, Aleksandar"]
[Result "1/2-1/2"]
[WhiteElo "2605"]
[BlackElo "2386"]
[PlyCount "78"]
[EventDate "2007.07.10"]
[EventType "swiss"]
[EventRounds "9"]
[EventCountry "BLR"]
[SourceTitle "EXT 2008"]
[Source "ChessBase"]
[SourceDate "2007.11.25"]
[SourceVersion "1"]
[SourceVersionDate "2007.11.25"]
[SourceQuality "1"]

1. d4 d5 2. c4 e6 3. Nc3 c5 4. cxd5 exd5 5. Nf3 Nc6 6. g3 Nf6 7. Bg2 Be7 8. 0-0 0-0 9. Bg5 c4 10. Ne5 Be6 11. b3 Qa5 12. Qd2 Rad8 13. bxc4 Nxd4 14. cxd5 Bb4 15. Bxf6 gxf6 16. Qxd4 Bxc3 17. Qh4 Bxd5 18. Ng4 Bxg2 19. Kxg2 Bxa1 20. Rxa1 Rd6 21. Nxf6+ Kg7 22. Nh5+ Kg8 23. Rd1 Rfd8 24. Qg4+ Kf8 25. Rxd6 Rxd6 26. Qg7+ Ke7 27. Qxh7 Qxa2 28. Nf4 Qc4 29. h4 a5 30. h5 a4 31. e4 a3 32. e5 Ra6 33. e6 Rxe6 34. Nxe6 a2 35. Qh8 Qc1 36. Qd8+ Kxe6 37. Qe8+ Kd6 38. Qd8+ Ke6 39. Qe8+ Kf6 1/2-1/2

[Event "RUS-Cup07"]
[Site "Togliatti"]
[Date "2001.08.15"]
[Round "8"]
[White "Nikitin, Andrey"]
[Black "Zamruk, Aleksandar"]
[Result "1/2-1/2"]
[WhiteElo "2535"]
[BlackElo "2389"]
[PlyCount "108"]
[EventDate "2001.08.08"]
[EventType "swiss"]
[EventRounds "9"]
[EventCountry "RUS"]
[SourceTitle "CBM 083 Extra"]
[Source "ChessBase"]
[SourceDate "2001.09.11"]
[SourceVersion "1"]
[SourceVersionDate "2001.09.11"]
[SourceQuality "1"]

1. d4 d5 2. c4 e6 3. Nc3 Be7 4. Nf3 Nf6 5. Bf4 0-0 6. e3 c5 7. dxc5 Bxc5 8. Qc2 Nc6 9. a3 Qa5 10. Ra2 Be7 11. b4 Qd8 12. Qb3 a5 13. b5 a4 14. Qc2 Na5 15. Qxa4 Bd7 16. cxd5 exd5 17. Bd3 Be6 18. Nd4 Qb6 19. 0-0 Nc6 20. Nxe6 Rxa4 21. Nxa4 Qa5 22. Nxf8 Nd8 23. Nxh7 Nxh7 24. Nb2 Qc3 25. a4 Bb4 26. Bb1 g5 27. Bg3 Ba5 28. Nd3 Ne6 29. Rc2 Qa3 30. Rc8+ Nhf8 31. Ne5 Kg7 32. Bc2 Bc7 33. Nf3 Bxg3 34. hxg3 Kf6 35. Rd1 Qa2 36. Rd2 Nd7 37. Bd1 Qa1 38. Kh2 Ndc5 39. Bc2 g4 40. Nd4 Qc3 41. Nxe6 fxe6 42. Re2 b6 43. Bd1 Qa1 44. Rd2 Ne4 45. Rd4 Ke5 46. Rf8 Qb2 47. Rxe4+ Kxe4 48. Bxg4 Qg7 49. Re8 e5 50. Bf3+ Kd3 51. Rd8 d4 52. Rd6 Kd2 53. exd4 Qh7+ 54. Kg1 Qb1+ 1/2-1/2

[Event "RUS-Cup07"]
[Site "Togliatti"]
[Date "2001.08.12"]
[Round "5"]
[White "Zamruk, Aleksandar"]
[Black "Iljushin, Alexei"]
[Result "1-0"]
[WhiteElo "2389"]
[BlackElo "2529"]
[PlyCount "79"]
[EventDate "2001.08.08"]
[EventType "swiss"]
[EventRounds "9"]
[EventCountry "RUS"]
[SourceTitle "CBM 083 Extra"]
[Source "ChessBase"]
[SourceDate "2001.09.11"]
[SourceVersion "1"]
[SourceVersionDate "2001.09.11"]
[SourceQuality "1"]

1. d4 e6 2. c4 f5 3. g3 Nf6 4. Bg2 c6 5. Nh3 d5 6. Nd2 Bd6 7. 0-0 0-0 8. Qc2 Qe7 9. Nf3 b6 10. Bf4 Ne4 11. Rac1 Bb7 12. Bxd6 Nxd6 13. Ne5 Nd7 14. cxd5 cxd5 15. Qc7 Rfd8 16. Rc6 Bxc6 17. Nxc6 Qf8 18. Nxd8 Rxd8 19. Qxa7 Qe8 20. Qa4 Nc4 21. Qb4 Nb8 22. Nf4 Nc6 23. Qc3 g5 24. Nd3 Rc8 25. b3 Nd6 26. Qb2 Nd8 27. Rc1 N8f7 28. a4 Qd7 29. Qd2 Kg7 30. Qe3 h6 31. Qd2 Rxc1+ 32. Qxc1 Nb7 33. Qc3 Kg8 34. e3 g4 35. h4 gxh3 36. Bxh3 Nbd6 37. Bg2 Ne4 38. Qc2 Kg7 39. Nf4 Nf6 40. Qc7 1-0

[Event "RUS-Cup07"]
[Site "Togliatti"]
[Date "2001.08.09"]
[Round "2"]
[White "Alavkin, Arseny Nailievich"]
[Black "Zamruk, Aleksandar"]
[Result "1-0"]
[WhiteElo "2466"]
[BlackElo "2389"]
[PlyCount "109"]
[EventDate "2001.08.08"]
[EventType "swiss"]
[EventRounds "9"]
[EventCountry "RUS"]
[SourceTitle "CBM 083 Extra"]
[Source "ChessBase"]
[SourceDate "2001.09.11"]
[SourceVersion "1"]
[SourceVersionDate "2001.09.11"]
[SourceQuality "1"]

1. e4 e5 2. Nf3 Nc6 3. Bb5 a6 4. Ba4 Nf6 5. 0-0 Be7 6. Re1 b5 7. Bb3 0-0 8. h3 Bb7 9. d3 Re8 10. Nc3 h6 11. a3 Bc5 12. Nd5 Nd4 13. Nxd4 Bxd4 14. c3 Bc5 15. Nxf6+ Qxf6 16. Be3 d6 17. Bxc5 dxc5 18. Re3 Re7 19. Qh5 Qg5 20. Qe2 Rd8 21. Rg3 Qf4 22. Rg4 Qf6 23. Qe3 Qd6 24. Rf1 Kh7 25. f4 Qxd3 26. Qxc5 Qd6 27. Qxd6 cxd6 28. fxe5 dxe5 29. Bxf7 g5 30. Rf2 Rd3 31. Kh2 Re3 32. Bb3 Kg7 33. Bc2 Rf7 34. Rd2 Re1 35. Rg3 Bc8 36. Bb3 Rff1 37. Rgd3 h5 38. Rd8 Rh1+ 39. Kg3 h4+ 40. Kf3 Rhf1+ 41. Rf2 g4+ 42. hxg4 Bxg4+ 43. Kxg4 Rxf2 44. Kxh4 Rxg2 45. Rg8+ Kf6 46. Rxg2 Rxe4+ 47. Kg3 a5 48. Rf2+ Ke7 49. Kf3 Rh4 50. Re2 Kd6 51. Rd2+ Kc6 52. Bd5+ Kb6 53. Re2 b4 54. axb4 axb4 55. Re4 1-0

[Event "RUS-ch sf"]
[Site "Krasnodar"]
[Date "1999.??.??"]
[Round "7"]
[White "Rodin, Dmitrij"]
[Black "Zamruk, Aleksandar"]
[Result "1-0"]
[WhiteElo "2260"]
[BlackElo "2395"]
[PlyCount "95"]
[EventDate "1999.??.??"]
[EventType "swiss"]
[EventRounds "9"]
[EventCountry "RUS"]
[SourceTitle "EXT 2002"]
[Source "ChessBase"]
[SourceDate "2001.11.25"]
[SourceVersion "1"]
[SourceVersionDate "2001.11.25"]
[SourceQuality "1"]

1. e4 e5 2. Nf3 d6 3. d4 exd4 4. Nxd4 g6 5. Nc3 Bg7 6. Be3 Nf6 7. Qd2 0-0 8. 0-0-0 Re8 9. f3 Nc6 10. g4 Ne5 11. g5 Nh5 12. Be2 a6 13. Rhg1 b5 14. Nb3 Be6 15. Nd5 Rb8 16. Ba7 Nc4 17. Bxc4 bxc4 18. Bxb8 cxb3 19. Bxc7 Qc8 20. axb3 Bxd5 21. Qxd5 Qxc7 22. Qxd6 Qa7 23. Rge1 Qf2 24. Rf1 Qh4 25. f4 a5 26. Kb1 Qxh2 27. e5 Ng3 28. Rfe1 Nf5 29. Qd7 Rf8 30. Re4 Qg2 31. Rc4 Ne3 32. e6 Nxd1 33. e7 Ne3 34. Rc8 Qh1+ 35. Ka2 Nd5 36. exf8Q+ Bxf8 37. c3 Nb6 38. Rxf8+ Kxf8 39. Qd8+ Kg7 40. Qxb6 Qa8 41. Qd6 h5 42. gxh6+ Kxh6 43. c4 a4 44. c5 f5 45. c6 Qg8 46. c7 Qxb3+ 47. Kb1 a3 48. Qd4 1-0

[Event "RUS-ch sf"]
[Site "Krasnodar"]
[Date "1999.??.??"]
[Round "9"]
[White "Zamruk, Aleksandar"]
[Black "Kekov, Alexandr"]
[Result "1/2-1/2"]
[WhiteElo "2395"]
[BlackElo "2321"]
[PlyCount "122"]
[EventDate "1999.??.??"]
[EventType "swiss"]
[EventRounds "9"]
[EventCountry "RUS"]
[SourceTitle "EXT 2002"]
[Source "ChessBase"]
[SourceDate "2001.11.25"]
[SourceVersion "1"]
[SourceVersionDate "2001.11.25"]
[SourceQuality "1"]

1. Nf3 d5 2. b3 Bg4 3. e3 Nd7 4. Bb2 Ngf6 5. h3 Bh5 6. c4 e6 7. Be2 c6 8. Nc3 Bd6 9. 0-0 0-0 10. Rc1 Qe7 11. Nh4 Ne4 12. Bxh5 Qxh4 13. cxd5 exd5 14. Nxe4 dxe4 15. Qg4 Qxg4 16. Bxg4 Be5 17. Bxd7 Bxb2 18. Rc2 Ba3 19. Bf5 Rfe8 20. d3 exd3 21. Bxd3 Rad8 22. Be2 Rd6 23. Rd1 Rxd1+ 24. Bxd1 Rd8 25. Bf3 Kf8 26. Kf1 Ke7 27. Ke2 Bb4 28. Be4 h6 29. Bd3 Rd5 30. Rc4 Bd6 31. Re4+ Kd7 32. Rg4 g5 33. Ra4 a6 34. Bc4 Rf5 35. g4 Rf6 36. Bd3 Be5 37. Bf5+ Kd8 38. Be4 Kc7 39. Rc4 b5 40. Rc5 Bb2 41. Rf5 Rxf5 42. Bxf5 Kd6 43. Kd3 Kc5 44. Bd7 f6 45. Be8 Kb6 46. f4 c5 47. fxg5 fxg5 48. Bd7 Bc1 49. Bc8 Bb2 50. Kc2 Ba1 51. Kd3 a5 52. Bd7 Be5 53. Be8 Bf6 54. Bd7 Bb2 55. a4 bxa4 56. Bxa4 Kc7 57. Bb5 Kd6 58. e4 Bc1 59. Bc4 Bb2 60. Bg8 Kc6 61. Bc4 Kb6 1/2-1/2